Japan's financial markets : Conflict and consensus in policy making
Bewaard in:
| Hoofdauteur: | |
|---|---|
| Formaat: | Boek |
| Taal: | Undetermined |
| Gepubliceerd in: |
Winchester, Mass.
George Allen & Unwin Inc.
1985
|
| Onderwerpen: | |
| Tags: |
Voeg label toe
Geen labels, Wees de eerste die dit record labelt!
|
| Thư viện lưu trữ: | Trung tâm Học liệu Trường Đại học Cần Thơ |
|---|
| LEADER | 00610nam a2200217Ia 4500 | ||
|---|---|---|---|
| 001 | CTU_79463 | ||
| 008 | 210402s9999 xx 000 0 und d | ||
| 082 | |a 332.0952 | ||
| 082 | |b H815 | ||
| 100 | |a Horne, James | ||
| 245 | 0 | |a Japan's financial markets : | |
| 245 | 0 | |b Conflict and consensus in policy making | |
| 245 | 0 | |c James Horne | |
| 260 | |a Winchester, Mass. | ||
| 260 | |b George Allen & Unwin Inc. | ||
| 260 | |c 1985 | ||
| 650 | |a Finance,Financial institutions | ||
| 650 | |x Government policy | ||
| 650 | |z Japan | ||
| 904 | |i M.Loan | ||
| 980 | |a Trung tâm Học liệu Trường Đại học Cần Thơ | ||